Statystyki dla wszyscy zwyciężcy Pucharu Polski

Kliknij tutaj aby rozwiązać quiz!

Ogólne statystyki

  • Ten quiz został rozwiązany 63 razy
  • Średni wynik to 56 z 70

Statystyki odpowiedzi

Rokklub który wygrał% Poprawnych
87/88Lech poznań
98%
83/84Lech poznań
98%
81/82Lech poznań
98%
08/09Lech poznań
98%
88/89Legia warszawa
98%
79/80Legia warszawa
98%
93/94Legia warszawa
98%
89/90Legia warszawa
98%
22/23Legia warszawa
98%
03/04Legia warszawa
98%
80/81Legia warszawa
98%
07/08Legia warszawa
98%
10/11Legia warszawa
98%
96/97Legia warszawa
98%
11/12Legia warszawa
98%
12/13Legia warszawa
98%
72/73Legia warszawa
98%
14/15Legia warszawa
98%
15/16Legia warszawa
98%
17/18
Legia warszawa
98%
65/66Legia warszawa
98%
63/64Legia warszawa
98%
55/56Legia warszawa
98%
54/55Legia warszawa
98%
94/95Legia warszawa
98%
66/67Wisła kraków
96%
23/24Wisła kraków
96%
01/02Wisła kraków
96%
1925/1926Wisła kraków
96%
02/03Wisła kraków
96%
21/22Raków częstochowa
93%
20/21Raków częstochowa
93%
67/68Górnik zabrze
91%
71/72Górnik zabrze
91%
70/71Górnik zabrze
91%
64/65Górnik zabrze
91%
69/70Górnik zabrze
91%
68/69Górnik zabrze
91%
19/20Cracovia
89%
82/83Lechia gdańsk
89%
18/19Lechia gdańsk
89%
16/17Arka gdynia
88%
78/79Arka Gdynia
88%
95/96Ruch chorzów
86%
1950/51Ruch chorzów
86%
73/74Ruch chorzów
86%
84/85Widzew Łódź
82%
56/57Łks łódź
75%
75/76Śląsk wrocław
75%
86/87Śląsk wrocław
75%
90/91Gks katowice
70%
92/93Gks katowice
70%
85/86Gks katowice
70%
00/01Polonia warszawa
68%
1952Polonia warszawa
68%
13/14Zawisza bydgoszcz
59%
05/06Wisła płock
57%
98/99Amica wronki
50%
99/00Amica wronki
50%
97/98Amica wronki
50%
09/10Jagielonia białystok
45%
76/77Zagłębie sosnowiec
45%
62/63Zagłębie sosnowiec
45%
61/62Zagłębie sosnowiec
45%
77/78Zagłębie sosnowiec
45%
74/75Stal rzeszów
43%
91/92Miedź legnica
34%
06/07Dyskobolia grodzisk wielkopolski
23%
04/05nikt
20%
53/54Gwardia warszawa
9%

Rozkład punktacji

Percentyl według liczby udzielonych odpowiedzi

Procent ludzi z każdym wynikiem

Twoja historia wyników

Nie rozwiązałeś tego quizu